| 000 | 00593nam a22001817a 4500 | ||
|---|---|---|---|
| 999 |
_c178484 _d178484 |
||
| 005 | 20210401105835.0 | ||
| 010 | _aB-738681 | ||
| 035 | _aB-738681 | ||
| 037 | _bGift | ||
| 082 | _a230.1 | ||
| 100 | _aMenon, Ramesh | ||
| 245 |
_aThe Mahabharata: _bA modern rendering vol. II / _cby Ramesh Menon |
||
| 260 |
_aNew Delhi _bRupa _c2004 |
||
| 270 |
_a7/16, Ansari Road, Daryaganj _bNew Delhi _e110002 |
||
| 300 |
_aix, 718p. _c23cm(Hb) |
||
| 942 |
_2ddc _cEN _h230.1 _mMEN |
||